Sumario de las indulgencias que... Clemente XIII se dignó conceder... al ...Colegio de Abogados de la Corte de México

Detalles Bibliográficos
Formato: Libro
Publicado: México 1783
Materias:
Colección:Banco de datos
Acervo:Biblioteca Nacional de Antropología e Historia. Fondo Conventual
Tema general:Derecho Eclesiástico
Notas:Regular. II,6,14. Encuadernado con 14 obras diferentes.
LEADER 00753nam a22001810004500
035 |a 13132 
036 |a 678 
245 1 0 |a Sumario de las indulgencias que... Clemente XIII se dignó conceder... al ...Colegio de Abogados de la Corte de México 
260 |a México  |b Felipe de Zúñiga y Ontiveros  |c 1783 
500 |a Regular. II,6,14. Encuadernado con 14 obras diferentes. 
650 1 0 |a Derecho Eclesiástico 
949 |a B.N.A.H. 
959 |a Biblioteca Nacional de Antropología e Historia. Ciudad de México  |b CCC1 
960 |a Colección General de B.N.A.H. de la ciudad de México  |b DD58 
961 |a Varias Ordenes Religiosas  |b VO 
942 |c B.N.A.H. 
943 |g Biblioteca Nacional de Antropología e Historia. Fondo Conventual 
999 |c 1037664  |d 1037664